<?xml version="1.0" encoding="UTF-8"?>
<collection xmlns="http://www.loc.gov/MARC21/slim">
 <record>
  <leader>01201nam a22002297a 4500</leader>
  <controlfield tag="001">NCT_4_022845</controlfield>
  <controlfield tag="008">250625b        xxu||||| |||| 00| 0 vie d</controlfield>
  <datafield tag="999" ind1=" " ind2=" ">
   <subfield code="c">9118</subfield>
   <subfield code="d">9118</subfield>
  </datafield>
  <datafield tag="020" ind1=" " ind2=" ">
   <subfield code="a">9786043545302</subfield>
   <subfield code="c">289000</subfield>
  </datafield>
  <datafield tag="082" ind1="0" ind2="4">
   <subfield code="2">23rd ed.</subfield>
   <subfield code="a">580.3</subfield>
   <subfield code="b">B102K</subfield>
  </datafield>
  <datafield tag="245" ind1="0" ind2="0">
   <subfield code="a">Bách khoa thư về thế giới thực vật</subfield>
   <subfield code="b">Cây, lá, hoa và hạt : Dành cho trẻ em từ 8 tuổi trở lên</subfield>
   <subfield code="c">Thuỳ Dương dịch ; Lời: Sarah Jose</subfield>
  </datafield>
  <datafield tag="260" ind1=" " ind2=" ">
   <subfield code="a">H.</subfield>
   <subfield code="b">Thanh Niên</subfield>
   <subfield code="c">2022</subfield>
  </datafield>
  <datafield tag="300" ind1=" " ind2=" ">
   <subfield code="a">192 tr.</subfield>
   <subfield code="b">Minh họa</subfield>
   <subfield code="c">27 cm</subfield>
  </datafield>
  <datafield tag="490" ind1="0" ind2=" ">
   <subfield code="a">Tủ sách Bách khoa tri thức</subfield>
  </datafield>
  <datafield tag="500" ind1=" " ind2=" ">
   <subfield code="a">Tên sách tiếng Anh: Trees, leaves, flowers &amp; seeds</subfield>
  </datafield>
  <datafield tag="520" ind1="3" ind2=" ">
   <subfield code="a">Giới thiệu khoảng hơn 1.000 hình ảnh về các loài thực vật với nhiều đặc điểm hình dạng, mùa ra hoa, nơi phân bố, tính phổ biến</subfield>
  </datafield>
  <datafield tag="653" ind1=" " ind2=" ">
   <subfield code="a">Tham khảo</subfield>
  </datafield>
  <datafield tag="710" ind1="0" ind2=" ">
   <subfield code="a">Thuỳ Dương</subfield>
   <subfield code="b">dịch</subfield>
  </datafield>
  <datafield tag="710" ind1="1" ind2=" ">
   <subfield code="a">Jose, Sarah</subfield>
   <subfield code="b">Lời</subfield>
  </datafield>
  <datafield tag="942" ind1=" " ind2=" ">
   <subfield code="2">ddc</subfield>
   <subfield code="c">BK</subfield>
  </datafield>
  <datafield tag="952" ind1=" " ind2=" ">
   <subfield code="0">0</subfield>
   <subfield code="1">0</subfield>
   <subfield code="2">ddc</subfield>
   <subfield code="4">0</subfield>
   <subfield code="6">580_300000000000000_B102K</subfield>
   <subfield code="7">0</subfield>
   <subfield code="9">30954</subfield>
   <subfield code="a">000001</subfield>
   <subfield code="b">000001</subfield>
   <subfield code="d">2025-06-25</subfield>
   <subfield code="o">580.3 B102K</subfield>
   <subfield code="p">TK.05561</subfield>
   <subfield code="r">2025-06-25</subfield>
   <subfield code="v">289000.00</subfield>
   <subfield code="w">2025-06-25</subfield>
   <subfield code="y">BK</subfield>
  </datafield>
  <datafield tag="980" ind1=" " ind2=" ">
   <subfield code="a">Thư viện Trường Đại học Nam Cần Thơ</subfield>
  </datafield>
 </record>
</collection>
